Antenna therory (Record no. 181206)
[ view plain ]
| 000 -LEADER | |
|---|---|
| fixed length control field | 00974 a2200169 4500 |
| 003 - CONTROL NUMBER IDENTIFIER | |
| control field | Nust |
| 005 - DATE AND TIME OF LATEST TRANSACTION | |
| control field | 20221117181625.0 |
| 040 ## - CATALOGING SOURCE | |
| Transcribing agency | Nust |
| 082 ## - DEWEY DECIMAL CLASSIFICATION NUMBER | |
| Classification number | 621.380283,COL |
| 245 ## - TITLE STATEMENT | |
| Title | Antenna therory |
| Remainder of title | Part-2 / |
| Statement of responsibility, etc. | Robert E. Collin & Francis J. Zucker |
| 260 ## - PUBLICATION, DISTRIBUTION, ETC. | |
| Place of publication, distribution, etc. | McGraw-Hill Book Company |
| Name of publisher, distributor, etc. | Sydney |
| Date of publication, distribution, etc. | 1969 |
| 300 ## - PHYSICAL DESCRIPTION | |
| Extent | xv, 683 p |
| 505 ## - FORMATTED CONTENTS NOTE | |
| Formatted contents note | Wave Fronts Rays, and Focal Surfaces (Page-1), Reflector Antennas (Page-36), Lens Antennas (Page-104), General Characteristics of Traveling Wave Antennas (Page-151), Leaky Wave Antennas (Page-259), Surface Wave Antennas (Page-298), Log Periodic Antennas (Page-349), Characteristics of Antennas over Lossy Earth (Page-386), Electromagnetic Fields of Sources in Lossy Media (Page-438), Antennas in Plasma (Page-515), The Antenna as a Spatial Filter (Page-557), Signal Processing Antennas (Page-580), Large Antenna Systems (Page-655). |
| 600 ## - SUBJECT ADDED ENTRY--PERSONAL NAME | |
| Personal name | Collin Robert E. |
| 9 (RLIN) | 616 |
| 650 ## - SUBJECT ADDED ENTRY--TOPICAL TERM | |
| Topical term or geographic name entry element | Antenna therory Part-2 |
| 9 (RLIN) | 102978 |
| 942 ## - ADDED ENTRY ELEMENTS (KOHA) | |
| Source of classification or shelving scheme | |
| Koha item type | Book |
| Withdrawn status | Lost status | Source of classification or shelving scheme | Damaged status | Not for loan | Permanent Location | Current Location | Shelving location | Date acquired | Full call number | Barcode | Date last seen | Price effective from | Koha item type | Public note |
|---|---|---|---|---|---|---|---|---|---|---|---|---|---|---|
| Military College of Signals (MCS) | Military College of Signals (MCS) | General Stacks | 12/12/2016 | 621.380283,COL | MCS6673 | 12/08/2016 | 12/12/2016 | Book | Almirah No.30, Shelf No.6 |
